Statistiques concernant Liste des princesses Disney en 1minute

Cliquez ici pour prendre le quiz!

Statistiques générales

  • Ce quiz a été pris 341 fois
  • Le résultat moyen est 9 sur 12

Statistiques - réponses

HintRéponse% Correct
JJasmine
89%
CCendrillon
88%
BBelle
83%
RRaiponce
74%
AAriel
72%
AAurore
72%
TTiana
72%
BBlanche-neige
70%
VVaiana
70%
MMulan
64%
PPocahontas
61%
MMérida
54%

Distribution des résultats

Percentile par nombre de réponses

% des personnes avec chaque résultat

Votre développement - résultats

Vous n’avez pas pris ce quiz